| 000 | 00988nam a22002897a 4500 | ||
|---|---|---|---|
| 003 | BPGM | ||
| 005 | 20260702160224.0 | ||
| 008 | 260702e1998 mx k|||gr||||s001 0 spa d | ||
| 020 | _a970-13-2580-X (INEGI) | ||
| 020 | _a970-13-2574-5 (EDICIÓN COMPLETA) (INEGI) | ||
| 020 | _a968-813-570-4 (STPS) | ||
| 020 | _a968-813-547-X (EDICIÓN COMPLETA) (STPS) | ||
| 040 |
_aBPGM _bspa |
||
| 041 |
_aSPA _hSPA |
||
| 082 | 0 | 4 |
_a300 _b086 |
| 110 | _aINSTITUTO NACIONAL DE ESTADÍSTICA, GEOGRAFÍA E INFORMÁTICA. | ||
| 245 |
_aENCUESTA NACIONAL DE EMPLEO 1998, _bQUERÉTARO. |
||
| 250 | _aPRIMERA EDICIÓN | ||
| 260 |
_aQUERÉTARO, _bINSTITUTO NACIONAL DE ESTADÍSTICA, GEOGRAFÍA E INFORMÁTICA. _c1998 |
||
| 300 |
_a212 Páginas _c27.5 cm. x 21.4 cm. |
||
| 336 |
_2rdacontent _atexto _btxt |
||
| 337 |
_2rdamedia _asin mediación _bn |
||
| 338 |
_2rdacarrier _avolumen _bnc |
||
| 650 | _2CIENCIAS SOCIALES. | ||
| 710 | _aSECRETARIA DEL TRABAJO Y PREVISIÓN SOCIAL. | ||
| 942 |
_2ddc _cCOLQ |
||
| 999 |
_c68740 _d68740 |
||